Les grands ennemis de Rome - Statistiques

Statistiques générales
  • Ce quiz a été pris 252 fois
  • Le résultat moyen est 11 sur 15
Statistiques - réponses
Question Réponse % Correct
Originaire de Carthage, il dirige l'invasion de l'Italie en passant par les Alpes. Il défait les romains durant les batailles du Lac Trasimène et de Cannes. Hannibal Barca
100%
Il réussit à fédérer les peuples gaulois face à la conquête romaine de la Gaule. Il inflige une lourde défaite à Jules César lors du siège de Gergovie Vercingétorix
100%
Qui est surnommé le "Fléau de Dieu"? Attila le Hun
92%
Roi du Royaume d’Épire en Grèce, il marche contre Rome à la demande des Grecs d'Italie, en danger. Il remporte plusieurs batailles avant de perdre le conflit. Pyrrhus Ier
87%
Elle fut à l’Angleterre ce que le personnage de la cinquième question fut à la Gaule. Elle se révolta contre la présence romaine en Britannia. Boadicée
85%
Roi du Pont au Ier siècle av. J.-C., il combat les romains dans l'actuelle Turquie. Trois guerres sont à son nom. Mithridate VI
83%
Un des ennemis les plus persistant de Rome fut la Perse. Laquelle de ces appellations ne désigne pas un Royaume/Empire "Perse" Garamantes
73%
Lequel de ces royaumes ne fait pas partie des conquêtes de Bélisaire, chef de l'expédition romaine de Justinien en Occident au VIème siècle? Royaume Franc
71%
Qui destitue en 476 Romulus Augustule et met fin à l'Empire romain d'Occident? Odoacre
67%
Quel sultan Ottoman mit fin à l'Empire Romain d'Orient en 1453? Mehmet II
65%
Originaire de Germanie, il fut élevé à Rome avant de devenir l'homme de Confiance de Varus, commandant romain, qu'il trahit finalement à la bataille de Teutobourg. Arminius
63%
Roi de Numidie, il se révolte contre son frère et la présence romaine en Afrique du Nord. Jugurtha
60%
Quelle ville du Latium fut au centre des conquêtes du roi romain Tullus Hostilius au VIIème siècle av. J.-C.? Albe la Longue
52%
Roi de Dacie lors de la conquête du territoire par Trajan en l'an 106, il se suicide lors du siège de la capitale Sarmizegetuse. Decebalus
50%
Quel Pharaon eut à combattre Jules César en Egypte? Ptolémée XIII
46%
Aucun quiz correspondant
Distribution des résultats
% des personnes avec chaque résultat
Percentile par nombre de réponses
Votre historique - résultats
Vous n’avez pas pris ce quiz